000 00631nam a2200205 i 4500
001 108626
005 20230410124101.0
008 130208s2007 cu a g 000 0 spa d
041 0 _aspa
050 1 4 _aM378p 2007
100 1 _aMartínez González, Raúl, |d 1927-
245 1 3 _aYo Publio : |b confesiones de Raúl Martínez /
_cRaúl Martínez.
250 _a2da ed.
260 _aLa Habana, Cuba :
_bEditorial Letras Cubanas : |b Artecubano ediciones,
_c[2007]
300 _a461 p. :
_bill.
600 1 0 _aMartínez González, Raúl, |d 1927-
650 0 _aPainters |z Cuba |v Biography.
942 _2lcc
_cbk
946 _aPP
999 _c70653
_d70653